| 000 | 00909nam a2200217Ia 4500 | ||
|---|---|---|---|
| 003 | OSt | ||
| 005 | 20260122193415.0 | ||
| 007 | ca aa aaaaa | ||
| 008 | 201103s9999 xx 000 0 und d | ||
| 040 | _cSSBUL | ||
| 041 | _abur | ||
| 082 |
_a၉၅၉.၁ _bကု |
||
| 100 |
_a ကုသလာဘိဝံသ၊ အရှင် (ကျောက်ဆည်မဟာဂန္ဓာရုံ) _917362 |
||
| 245 | 0 |
_aမက္ခရဝံသ (မက္ခရာသမိုင်း) / _cအရှင်ကုသလာဘိဝံသ (ကျောက်ဆည်မဟာဂန္ဓာရုံ)။ |
|
| 260 |
_a[နေရာမပါ] ၊ _b[ထုတ်ဝေသူမပါ]။ |
||
| 300 |
_aဌ၊ ၉၆ စာမျက်နှာ ၊ _bဓါတ်ပုံများ ၊ _c၁၈ စင်တီ။ |
||
| 500 | _aS-SAT: Dr. Prof Sai Aung Tun | ||
| 942 | _cBK1 | ||
| 942 | _2ddc | ||
| 942 | _2ddc | ||
| 999 |
_c16759 _d16759 |
||